000 01057nam0a22002411i 4500
001 rc\3134260
005 20240726063834.0
021 _aRU
_b[75-27200а]
035 _a(NLR Aleph) 007287004
090 _a5569590
_c5569590
100 _a20120615d1975 |||y0rusy50 ca
101 0 _arus
102 _aRU
105 _ab d |||||
200 1 _aНекоторые климатические характеристики проявления пыльных бурь и лесомелиоративные меры борьбы с ними
_e(На примере Зап. Сибири)
_eАвтореф. дис. на соиск. учен. степени канд. геогр. наук
_e(11.00.09)
_fАН СССР. Ин-т географии
210 _aМосква
_d1975
215 _a32 с.
_cкарт., граф.
320 _aСписок работ авт.: с. 31-32 (14 назв.)
700 1 _aСажин
_bА.Н.
_gАнатолий Николаевич
801 0 _aRU
_bNLR
_gpsbo
801 1 _aRU
_bELAR
_2rusmarc
852 _aNLR
_j76-4/10377
942 _cBOOK